Aquí, Pando
Descripción Física:
11 p. ; 22 cm
MARC
| LEADER | 00000nam a2200000Ia 4500 | ||
|---|---|---|---|
| 001 | 22343 | ||
| 008 | 160829s197?] xx 000 0 cat d | ||
| 080 | |a FU-54-39 | ||
| 245 | |a Aquí, Pando | ||
| 260 | |a Barcelona : |b [s.n., |c 197?] | ||
| 300 | |a 11 p. ; |c 22 cm | ||
| 590 | |a A la contracoberta: Escuelas Pando-Mundet de la Diputación Provincial de Barcelona. | ||
| 590 | |a Prové de J-1316 | ||
| 610 | 0 | |a Llars Mundet |9 3004 | |
| 650 | |a Revistes d'estudiants |x Barcelona |9 47316 | ||
| 710 | 1 | |a Barcelona (Catalunya : Província). |b Diputació |9 52408 | |
| 901 | |a Arxiu | ||
| 942 | |n 1 | ||
| 952 | |0 0 |1 0 |4 0 |6 FU5439 |7 1 |9 53811 |a Arxiu |b Arxiu |d 2016-12-01 |l 0 |o FU-54-39 |p 22343 |r 2016-12-01 00:00:00 |w 2016-12-01 |y ARXIU | ||
| 999 | |c 57677 |d 57677 | ||